000 00273nam a2200121Ia 4500
008 190216s9999||||xx |||||||||||||| ||und||
100 _aMehta.Vk
245 0 _aSelf Test In Electronics
260 _bS Chand & Co
_c1984
300 _a191p
650 _aPhysics
942 _cBK
999 _c33037
_d33037